000 00341nam a2200169Ia 4500
100 _aPiramal/Gita
650 _aGeneral
942 _cBK
366 _f20
654 _abusiness
245 _aBusiness Maharajas
260 _bPenquin Book
_aMumbai
_c1996
082 _a650/PIR
_bPIR
300 _a474
546 _aENGLISH
999 _c26362
_d26362